00502nam a2200145Ia 4500008004100000020001800041082001200059100002400071245005600095260003000151500002400181942000700205952012900212999001500341260604s9999 xx 000 0 und d a9781639879229 a330 BOU aEve boulonne935699 0aModeling and Simulation in Economics: Volume I 2025 bMurphy & Moore Publishing aEconomy, Simulation cBK 00104070aIIMVbIIMVcLOCKERd2026-06-04g14320.00l0o330 BOUp004141r2026-06-04 10:20:36v14320.00w2026-06-04yBKBBOU c8523d8523